| 000 | 00419nam a22001697a 4500 | ||
|---|---|---|---|
| 003 | CEME | ||
| 005 | 20210628204132.0 | ||
| 008 | 210106b xxu||||| |||| 00| 0 eng d | ||
| 020 | _a9780521581486 | ||
| 040 | _cceme | ||
| 082 | _a531.163 FAN | ||
| 100 |
_aFan Shih, Liang, Zhu, Chao _968874 |
||
| 245 | _aPrinciples of gas-solid flows | ||
| 260 |
_aUSA _bCAMBRIDGE _c1998 |
||
| 300 | _aXIII, 557P | ||
| 942 |
_cBK _2ddc |
||
| 999 |
_c576334 _d576334 |
||